U.S. State Capitals Farthest From Their State's Largest City - Statistics

General Stats
  • This quiz has been taken 122 times
  • The average score is 7 of 10
Answer Stats
Mi State Capital Km % Correct
361 Sacramento 581
92%
146 Austin 235
88%
574 Juneau 923
86%
157 Tallahassee 252
83%
177 Helena 285
72%
327 Carson City 526
71%
178 Springfield 287
63%
189 Pierre 303
59%
189 Bismarck 304
58%
163 Montgomery 263
27%
No matching quizzes found
Score Distribution
Percent of People with Each Score
Percentile by Number Answered
Your Score History
You have not taken this quiz